00284nam a2200097Ia 4500082001500000245006700015250001300082260006000095300001000155710002100165 aRR 011 CAT 0aCatalog of serial publications of the United Nations documents a2nd. ed. aJakartabPerpustakaan National Research Institutec1992 a373p. aGanari, Sulastri